000
00349nam a2200157Ia 4500
008
210210b1925 xxu||||| |||| 00| 0 eng d
041
_a
eng
082
_a
874/79
100
_a
-
245
_a
Kalidasanam bhatutiyam
260
_a
_b
-
_c
1925
650
_a
Kalidasanam
650
_a
bhatutiyam
690
_a
Malayalam Criticism
906
_a
002661
999
_c
124628
_d
124628